00329nam a2200133Ia 4500008004100000041001200041082002600053100002400079245003200103260002700135300001300162300001100175650000900186231221s9999 xx 000 0 und d aEnglish a001.6424XML WIL:1 R aWilliamson, Heather 0aXML: the complete reference c2001bT M HaNew Delhi axxvi+965 cSE3440 aXML: